LEADER 00914nam--2200349---450- 001 990001745520203316 005 20051031092553.0 035 $a000174552 035 $aUSA01000174552 035 $a(ALEPH)000174552USA01 035 $a000174552 100 $a20040610d1957----km-y0itay0103----ba 101 $aeng 102 $aGB 105 $a||||||||001yy 200 1 $aTragedy 210 $aLondon$cHogarth Press$d1957 215 $a178 p.$d22 cm 410 0$12001 454 1$12001 461 1$1001-------$12001 700 1$aLUCAS,$bFrank Laurence$0168553 801 0$aIT$bsalbc$gISBD 912 $a990001745520203316 951 $aII i C 515$b46634 L.M.$cII i C 951 $aV.1.B. 332(VIII C 515)$b46634 L.M.$cVIII C 959 $aBK 969 $aUMA 979 $aSIAV3$b10$c20040610$lUSA01$h1743 979 $aCOPAT3$b90$c20051031$lUSA01$h0925 996 $aTragedy$9945825 997 $aUNISA